| 000 | 00000nam 2200000za 4500 |
| 001 | 9.837959 |
| 003 | CaOODSP |
| 005 | 20221107151250 |
| 007 | cr ||||||||||| |
| 008 | 170608s1985 onc |o f|0| 0 eng d |
| 040 | |aCaOODSP|beng |
| 043 | |an-cn--- |
| 086 | 1 |aCS11-614/85-51E-PDF |
| 100 | 1 |aDagum, Estela Bee. |
| 245 | 10|aMonthly versus annual revisions of concurrent seasonally adjusted series |h[electronic resource] / |cEstela Bee Dagum. |
| 260 | |aOttawa : |bStatistics Canada, |c[1985]. |
| 300 | |a26 p. |
| 490 | 1 |aWorking paper ; |v85-51 |
| 500 | |aDigitized edition from print [produced by Statistics Canada]. |
| 504 | |aIncludes bibliographic references. |
| 520 | |a"This paper deals with the problem of consistency between successive filters in relation with the revision pattern of the concurrent linear filters of X-11-ARIMA and X-11"--Introduction, p. 3. |
| 692 | 07|2gccst|aMethodology |
| 692 | 07|2gccst|aStatistical analysis |
| 710 | 1 |aCanada. |bStatistics Canada. |bMethodology Branch. |
| 830 | #0|aWorking paper (Statistics Canada. Methodology Branch)|v85-51|w(CaOODSP)9.834763 |
| 856 | 40|qPDF|s5.20 MB|uhttps://publications.gc.ca/collections/collection_2017/statcan/11-613/CS11-614-85-51-eng.pdf |
| 986 | |a11-614E |